00814nam a2200217Ia 4500003000400000005001700004008004100021020001800062040000900080082001500089100003000104245004500134250001200179260005300191300000900244650001200253942003600265952014500301952013300446999001700579OSt20200625120614.0190216s9999||||xx |||||||||||||| ||und|| a9788190996235 coclc a954bRAN/A aRandathani, Husain 91881 0aAriyappedatha India /cHusain Randathani a2nd Ed. bPoomkavanam Books Publishers,c2010.aKozhikode: a288p aHistory cBK2ddch954iRAN/Ak954mRAN/A 00102ddc40708HISTORYaMESbMEScHISd2019-02-20g160.00l1o954 RAN/Ap35295r2026-02-13 09:37:24s2026-01-30t1w2019-02-20yBKzGL39R4 00102ddc40708HISTORYaMESbMEScHISd2019-02-20g160.00l0o954 RAN/Ap35296r2019-02-20 00:00:00t2w2019-02-20yBKzGL39R4 c21399d21399